Ours (TV) - Taylor Swift (All Lyrics) - Statistics

General Stats
  • This quiz has been taken 153 times
    151 since last reset
  • The average score is 240 of 292
Answer Stats
Lyrics % Correct
I
98%
you
98%
You
98%
the
96%
The
96%
But
95%
but
95%
love
95%
ours
95%
and
94%
And
94%
is
94%
this
94%
who
94%
your
93%
Your
93%
People
91%
people
91%
do
90%
don't
90%
Don't
90%
little
90%
pretty
90%
to
90%
mind
89%
rocks
89%
shine
89%
that
89%
want
89%
worry
89%
me
88%
So
88%
throw
88%
what
88%
at
86%
If
86%
if
86%
it
86%
about
85%
makes
85%
morning
85%
my
85%
take
85%
they
85%
things
85%
where
85%
their
84%
be
83%
hard
83%
air
81%
are
81%
rough
81%
stairs
81%
from
80%
know
80%
water's
80%
Elevator
79%
high,
79%
buttons
78%
it's
78%
like
78%
not
78%
you're
78%
about
77%
'cause
77%
'Cause
77%
have
77%
life
77%
look
77%
Strangers'
77%
were
77%
here,
75%
in
75%
silence
75%
time
75%
always
74%
mine
74%
now,
74%
stakes
74%
laugh
73%
right
73%
up
73%
never
72%
out,
72%
out
72%
theirs
72%
we'd
72%
between
70%
for
70%
Will
70%
with
70%
can't
69%
gap
69%
heart
69%
I'll
69%
teeth
69%
there's
69%
They'll
69%
say
68%
Seems
68%
someone
68%
stares
68%
belong
67%
else
67%
nothing
67%
sleeves
67%
vacant
67%
yours
67%
care,
65%
father
65%
ignored,
65%
speculate
65%
tattoos
65%
those
65%
what's
65%
choice
64%
speak
64%
wrong
64%
any
63%
hands
63%
disapproves
62%
jury's
62%
remarks
62%
you'll
62%
comes
60%
jump
60%
song
60%
gonna
59%
judge
59%
lip
59%
smiles
59%
gloss
58%
past
58%
riddles
58%
tough,
56%
verdict
56%
shadows
54%
snide
54%
Ghosts
53%
give
51%
Lurking
51%
faith
49%
doubt
46%
fight
43%
No matching quizzes found
Score Distribution
Percent of People with Each Score
Percentile by Number Answered
Your Score History
You have not taken this quiz since the last reset